Europa Länder / Kannst du sie alle ? 5.0 - Statistiken

Allgemein
  • Dieses Quiz wurde 178 mal gespielt
  • Das Durchschnittsergebnis liegt bei 20 aus 45
Antwortstatistiken
Hint Antwort % Korrekt
D Deutschland
86%
B Belgien
81%
A Andorra
78%
F Finnland
76%
D Dänemark
74%
F Frankreich
72%
A Albanien
68%
I Italien
67%
E Estland
64%
P Portugal
64%
S Spanien
62%
I Irland
59%
I Island
59%
S Schweden
57%
N Norwegen
54%
B Belarus
47%
L Lettland
46%
N Niederlande
46%
P Polen
46%
S Schweiz
46%
B Bosnien und Herzegowina
45%
L Litauen
45%
B Bulgarien
43%
L Luxemburg
41%
M Monaco
38%
V Vereinigtes Königreich
38%
G Griechenland
37%
R Russland
37%
K Kroatien
34%
S San Marino
33%
V Vatikanstadt
32%
L Liechtenstein
29%
M Malta
29%
U Ukraine
29%
S Serbien
27%
S Slowenien
24%
T Tschechien
23%
S Slowakei
21%
U Ungarn
21%
Oe Oesterreich
18%
R Rumänien
18%
N Nordmazedonien
14%
M Montenegro
12%
T Türkei
11%
K Kasachstan
1%
Keine übereinstimmenden Quizze gefunden
Verteilung der Resultate
Anzahl Personen mit jedem Resultat
Perzentil nach korrekt beantworteten Fragen
Ihre Resultats-Entwicklung
Sie haben dieses Quiz noch nicht gespielt